000 00834nam a2200265Ia 4500
003 OSt
005 20220918172211.0
006 a|||||r|||| 00| 0
007 ta
008 220917b |||||||| |||| 00| 0 eng d
020 _a9789386463210 (hbk)
_cINR 750.00
024 _a354,771
037 _b121, 29/12/2021, Eastern Book Linkers
_cTextual
040 _aARTS
_cARTS
_beng
041 _2eng
_aeng
082 _aV4497:71, R1
100 _aDorje Chhering Au.
_940705
245 0 _aBuddhist monumental heritage of stod valley in lahul
260 _aNew Delhi
_bKaveri Books India
_c2021
300 _avi,119p.
_ccm.
650 _aHISTORY
700 _a Tobdan Au.
_940706
942 _hV4497:71, R1
_cTEXL
_2CC
999 _c143001
_d143001